| 000 | 00492nam a22001697a 4500 | ||
|---|---|---|---|
| 003 | PILC | ||
| 005 | 20150112093425.0 | ||
| 008 | 130218t xxu||||| |||| 00| 0 eng d | ||
| 020 | _a9789814035262 | ||
| 050 |
_aT 58.6 _b.M478 1999 |
||
| 082 |
_aCSF 004.21 _bM22 1999 |
||
| 245 |
_aManagement information systems / _cRaymond McLeod, Jr |
||
| 260 |
_aNew Jersey _bPrentice Hall, Inc _c1999. |
||
| 300 |
_a655 pages : _billustration ; _c24 cm. |
||
| 500 | _aIncludes Index. | ||
| 942 |
_2lcc _cBK |
||
| 999 |
_c14189 _d14189 |
||